[Event "AUT-chT2M 0405"]
[Site "Austria"]
[Date "2005.01.30"]
[Round "7"]
[White "Moser, Eva"]
[Black "Manca, Federico"]
[Result "1-0"]
[WhiteElo "2447"]
[BlackElo "2355"]
[PlyCount "113"]
[EventDate "2004.10.16"]
[EventType "team-tourn"]
[EventRounds "11"]
[EventCountry "AUT"]
[SourceTitle "EXT 2005"]
[Source "ChessBase"]
[SourceDate "2004.11.15"]
[SourceVersion "1"]
[SourceVersionDate "2004.11.15"]
[SourceQuality "1"]

1. e4 g6 2. d4 Bg7 3. Nc3 d6 4. Be3 a6 5. h3 b5 6. Bd3 Nd7 7. Nce2 Ngf6 8. Nf3
O-O 9. O-O e5 10. dxe5 Nxe5 11. Nxe5 dxe5 12. a4 Bd7 13. Qd2 bxa4 14. Qa5 Bc6
15. Nc3 Qb8 16. f3 Nh5 17. Rfb1 Nf4 18. Bc4 Kh8 19. Nxa4 f5 20. Nc5 Qd8 21. Qd2
Qh4 22. Kh2 fxe4 23. fxe4 Bh6 24. Qe1 Qh5 25. Qd1 Qh4 26. Qg4 Qf6 27. Rf1 Qe7
28. b4 Bg7 29. g3 h5 30. Qd1 Rad8 31. Qe1 h4 32. gxf4 exf4 33. Bf2 f3 34. Bxh4
Qe5+ 35. Bg3 Qxa1 36. Qxa1 Bxa1 37. Rxa1 Rd2+ 38. Kh1 Rxc2 39. Bf1 f2 40. Kh2
Rf3 41. Ne6 Bxe4 42. Be5+ Kg8 43. Nd4 Rf5 44. Nxf5 Bxf5 45. Kg3 c5 46. bxc5
Rxc5 47. Bd4 Rc6 48. Rxa6 Rxa6 49. Bxa6 Kh7 50. h4 Kh6 51. Bxf2 Bb1 52. Be3+
Kh7 53. Kg4 Bf5+ 54. Kg5 Bc2 55. Kf6 Be4 56. Bg5 Bc2 57. Bc4 1-0

[Event "AUT-chT2M 0405"]
[Site "Austria"]
[Date "2005.01.29"]
[Round "6"]
[White "Bukal, Vladimir Jr"]
[Black "Moser, Eva"]
[Result "1-0"]
[WhiteElo "2390"]
[BlackElo "2447"]
[PlyCount "55"]
[EventDate "2004.10.16"]
[EventType "team-tourn"]
[EventRounds "11"]
[EventCountry "AUT"]
[SourceTitle "EXT 2005"]
[Source "ChessBase"]
[SourceDate "2004.11.15"]
[SourceVersion "1"]
[SourceVersionDate "2004.11.15"]
[SourceQuality "1"]

1. d4 f5 2. g3 Nf6 3. Bg2 g6 4. Nh3 Bg7 5. Nf4 c6 6. h4 d6 7. h5 e5 8. dxe5
dxe5 9. Qxd8+ Kxd8 10. h6 Bf8 11. Nd3 Nbd7 12. Bg5 Be7 13. Nc3 Ng4 14. Bxe7+
Kxe7 15. e4 Rf8 16. O-O-O f4 17. Rh4 Ndf6 18. gxf4 exf4 19. e5 Ng8 20. Ne4 f3
21. Bh3 N4xh6 22. Bxc8 Raxc8 23. Rdh1 Nf7 24. Rxh7 Rcd8 25. Nf4 Rd4 26. Re1 Ke8
27. Nd6+ Kd7 28. Nxg6 1-0

[Event "AUT-chT2M 0405"]
[Site "Austria"]
[Date "2005.01.28"]
[Round "5"]
[White "Moser, Eva"]
[Black "Butunoi, Alexandru Victor"]
[Result "0-1"]
[WhiteElo "2447"]
[BlackElo "2372"]
[PlyCount "80"]
[EventDate "2004.10.16"]
[EventType "team-tourn"]
[EventRounds "11"]
[EventCountry "AUT"]
[SourceTitle "EXT 2005"]
[Source "ChessBase"]
[SourceDate "2004.11.15"]
[SourceVersion "1"]
[SourceVersionDate "2004.11.15"]
[SourceQuality "1"]

1. e4 c5 2. d3 Nc6 3. g3 g6 4. Bg2 Bg7 5. f4 e6 6. Nf3 Nge7 7. O-O d6 8. c3 d5
9. e5 Nf5 10. Na3 h5 11. Re1 Bf8 12. Nc2 Bd7 13. Ne3 Nce7 14. a4 a5 15. Nc2 Qb6
16. Qe2 Rc8 17. Qf2 Nc6 18. h3 Be7 19. Ne3 Nh6 20. g4 hxg4 21. hxg4 Qa6 22. Nh2
Kd8 23. g5 Nf5 24. Nhg4 Kc7 25. Nxf5 gxf5 26. Nf6 Bxf6 27. exf6 d4 28. Ra3 Kb8
29. Qe2 Rh4 30. Bd2 Rch8 31. cxd4 Rg4 32. dxc5 Nb4 33. Kf1 Bc6 34. Bxc6 Qxc6
35. Qe5+ Ka8 36. Ke2 Nc2 37. Rb3 Nxe1 38. Bxe1 Rg2+ 39. Kd1 Qxa4 40. Qc3 Rh1
0-1

[Event "AUT-chT 0405"]
[Site "Austria"]
[Date "2005.01.16"]
[Round "7"]
[White "Moser, Eva"]
[Black "Gaertner, Guntram"]
[Result "1/2-1/2"]
[WhiteElo "2438"]
[BlackElo "2353"]
[PlyCount "116"]
[EventDate "2004.11.19"]
[EventType "team-tourn"]
[EventRounds "11"]
[EventCountry "AUT"]
[SourceTitle "EXT 2006"]
[Source "ChessBase"]
[SourceDate "2005.11.24"]
[SourceVersion "1"]
[SourceVersionDate "2005.11.24"]
[SourceQuality "1"]
[WhiteTeam "Graz Styria"]
[BlackTeam "Hohenems"]
[WhiteTeamCountry "AUT"]
[BlackTeamCountry "AUT"]

1. e4 c6 2. d4 d5 3. e5 Bf5 4. c4 e6 5. Nc3 dxc4 6. Bxc4 Nd7 7. Nge2 Nb6 8. Bb3
Ne7 9. O-O Qd7 10. Ng3 Bg6 11. Nce4 Nf5 12. Nxf5 Bxf5 13. Ng3 Bg6 14. Be3 Nd5
15. Rc1 Be7 16. Bd2 Nb6 17. Bc3 Nd5 18. Qe2 O-O 19. Qg4 Qd8 20. Bd2 Bb4 21. Bg5
Be7 22. Bd2 Bb4 23. Bxb4 Nxb4 24. h4 Nd3 25. Rc3 h5 26. Nxh5 Bxh5 27. Qxh5 Qxd4
28. Qg5 Rad8 29. Bc2 Nf4 30. Kh1 f6 31. exf6 Qxf6 32. Qg4 Nd5 33. Rf3 Qh6 34.
Rxf8+ Rxf8 35. g3 Qf6 36. Qh5 Qf3+ 37. Qxf3 Rxf3 38. Kg2 Rf8 39. Re1 Kf7 40. f4
Rd8 41. Bb3 Kf6 42. Re2 Rf8 43. Kf3 Ke7 44. Re4 Kd6 45. h5 b5 46. g4 c5 47. Kg3
c4 48. Bc2 Nf6 49. Re5 Nd5 50. Re4 Nf6 51. Re5 Nd5 52. Rg5 Rf7 53. f5 exf5 54.
Bxf5 Re7 55. Kf3 Re3+ 56. Kf2 Re7 57. Kf3 Re3+ 58. Kf2 Re7 1/2-1/2

[Event "AUT-chT 0405"]
[Site "Austria"]
[Date "2005.01.15"]
[Round "6"]
[White "Weiss, Christian"]
[Black "Moser, Eva"]
[Result "1/2-1/2"]
[WhiteElo "2422"]
[BlackElo "2438"]
[PlyCount "41"]
[EventDate "2004.11.19"]
[EventType "team-tourn"]
[EventRounds "11"]
[EventCountry "AUT"]
[SourceTitle "EXT 2006"]
[Source "ChessBase"]
[SourceDate "2005.11.24"]
[SourceVersion "1"]
[SourceVersionDate "2005.11.24"]
[SourceQuality "1"]
[WhiteTeam "Ansfelden"]
[BlackTeam "Graz Styria"]
[WhiteTeamCountry "AUT"]
[BlackTeamCountry "AUT"]

1. d4 e6 2. e4 d5 3. Nc3 Bb4 4. e5 c5 5. a3 Bxc3+ 6. bxc3 Ne7 7. Qg4 Qc7 8.
Qxg7 Rg8 9. Qxh7 cxd4 10. Ne2 Nbc6 11. f4 Bd7 12. Qd3 dxc3 13. Nxc3 Nf5 14. Nb5
Qd8 15. Rb1 a6 16. Nd6+ Nxd6 17. exd6 Bc8 18. Qh7 Rf8 19. Bd3 Qxd6 20. O-O Qc5+
21. Kh1 1/2-1/2

[Event "AUT-chT 0405"]
[Site "Austria"]
[Date "2005.01.14"]
[Round "5"]
[White "Moser, Eva"]
[Black "Kroell, Johannes"]
[Result "1-0"]
[WhiteElo "2438"]
[BlackElo "2234"]
[PlyCount "65"]
[EventDate "2004.11.19"]
[EventType "team-tourn"]
[EventRounds "11"]
[EventCountry "AUT"]
[SourceTitle "EXT 2006"]
[Source "ChessBase"]
[SourceDate "2005.11.24"]
[SourceVersion "1"]
[SourceVersionDate "2005.11.24"]
[SourceQuality "1"]
[WhiteTeam "Graz Styria"]
[BlackTeam "Mayrhofen/Zillertal"]
[WhiteTeamCountry "AUT"]
[BlackTeamCountry "AUT"]

1. e4 e6 2. d4 b5 3. Bxb5 Bb7 4. Qe2 f5 5. Nd2 Nf6 6. Bd3 c5 7. dxc5 Bxc5 8.
Ngf3 O-O 9. O-O Nc6 10. c3 Qc7 11. e5 Nd5 12. Nb3 Be7 13. Re1 a5 14. a4 Rfb8
15. Nfd4 Nxd4 16. Nxd4 Bc5 17. Nb5 Qc6 18. Qf3 Qb6 19. Qg3 Kh8 20. Re2 Rg8 21.
Bd2 g5 22. Nd6 Bxd6 23. exd6 Nf4 24. Be3 Nxe2+ 25. Bxe2 f4 26. Bxb6 fxg3 27.
Bd4+ Rg7 28. hxg3 Ba6 29. Bb5 Bxb5 30. axb5 Kg8 31. Bxg7 Kxg7 32. f4 Kf6 33.
Ra4 1-0

[Event "AUT-chT 0405"]
[Site "Austria"]
[Date "2005.01.13"]
[Round "4"]
[White "Kastner, Walter"]
[Black "Moser, Eva"]
[Result "1/2-1/2"]
[WhiteElo "2240"]
[BlackElo "2438"]
[PlyCount "38"]
[EventDate "2004.11.19"]
[EventType "team-tourn"]
[EventRounds "11"]
[EventCountry "AUT"]
[SourceTitle "EXT 2006"]
[Source "ChessBase"]
[SourceDate "2005.11.24"]
[SourceVersion "1"]
[SourceVersionDate "2005.11.24"]
[SourceQuality "1"]
[WhiteTeam "Graz Austria"]
[BlackTeam "Graz Styria"]
[WhiteTeamCountry "AUT"]
[BlackTeamCountry "AUT"]

1. Nf3 e6 2. g3 f5 3. Bg2 Nf6 4. O-O Be7 5. d4 O-O 6. c4 d6 7. Nc3 Qe8 8. Re1
Qg6 9. e4 Nxe4 10. Nxe4 fxe4 11. Rxe4 Nc6 12. Qe2 Bf6 13. Bd2 e5 14. dxe5 Nxe5
15. Nxe5 Bxe5 16. Bb4 Bf6 17. Qd2 Bd7 18. Bc3 Bc6 19. Re2 Bxc3 1/2-1/2

[Event "Verona op 11th"]
[Site "Verona"]
[Date "2005.01.07"]
[Round "7"]
[White "Moser, Eva"]
[Black "Brunello, Sabino"]
[Result "0-1"]
[WhiteElo "2447"]
[BlackElo "2258"]
[PlyCount "74"]
[EventDate "2005.01.??"]
[EventType "swiss"]
[EventRounds "9"]
[EventCountry "ITA"]
[SourceTitle "CBM 104 Extra"]
[Source "ChessBase"]
[SourceDate "2005.03.01"]
[SourceVersion "1"]
[SourceVersionDate "2005.03.01"]
[SourceQuality "1"]

1. e4 e5 2. Nf3 Nc6 3. Be2 Nf6 4. d3 Bc5 5. O-O d6 6. c3 O-O 7. b4 Bb6 8. Nbd2
a6 9. a4 h6 10. Ba3 Re8 11. Nc4 Ba7 12. b5 Ne7 13. d4 Nxe4 14. Qc2 exd4 15.
Qxe4 d5 16. Qh4 dxc4 17. Bxc4 Nf5 18. Qf4 g5 19. Qd2 Nd6 20. Bd3 Ne4 21. Bxe4
Rxe4 22. Rfe1 Bf5 23. bxa6 bxa6 24. Rxe4 Bxe4 25. Nxd4 c5 26. Qe2 cxd4 27. Qxe4
dxc3 28. Be7 Qe8 29. Re1 Rc8 30. Qb1 c2 31. Qc1 Bd4 32. h4 Bf6 33. Ba3 Qxa4 34.
g3 gxh4 35. gxh4 Bxh4 36. Re3 Bg5 37. Rg3 Qxa3 0-1

[Event "Verona op 11th"]
[Site "Verona"]
[Date "2005.01.05"]
[Round "5"]
[White "Moser, Eva"]
[Black "Martinez, Rolly"]
[Result "1/2-1/2"]
[WhiteElo "2447"]
[BlackElo "2360"]
[PlyCount "119"]
[EventDate "2005.01.??"]
[EventType "swiss"]
[EventRounds "9"]
[EventCountry "ITA"]
[SourceTitle "CBM 104 Extra"]
[Source "ChessBase"]
[SourceDate "2005.03.01"]
[SourceVersion "1"]
[SourceVersionDate "2005.03.01"]
[SourceQuality "1"]

1. e4 c5 2. d3 Nc6 3. g3 g6 4. Bg2 Bg7 5. f4 e6 6. Nf3 Nge7 7. O-O d6 8. c3 O-O
9. Be3 b6 10. Na3 Ba6 11. Re1 Qd7 12. d4 cxd4 13. Nxd4 Rfd8 14. Qa4 Na5 15.
Qxd7 Rxd7 16. Rad1 Rad8 17. Ndb5 Nc4 18. Nxc4 Bxb5 19. Na3 Ba6 20. Rd2 d5 21.
Red1 Bc8 22. exd5 Nxd5 23. Bxd5 Rxd5 24. Rxd5 exd5 25. Nb5 Bg4 26. Rd2 Rd7 27.
Kf2 a6 28. Na3 b5 29. Nc2 Bf8 30. Bd4 h5 31. Ne3 Be6 32. Kg2 Bd6 33. Rf2 Re7
34. h3 Kf8 35. f5 Bxf5 36. Nxf5 gxf5 37. Rxf5 Re2+ 38. Kf3 Rxb2 39. Rxh5 Rxa2
40. Bf6 Ke8 41. Rxd5 Kd7 42. Rd1 Ke6 43. Bd4 Ra3 44. Re1+ Kd5 45. Rd1 Kc4 46.
Bf6 Bc5 47. Kg4 Ra2 48. h4 Rf2 49. Bg7 f5+ 50. Kg5 Rg2 51. Be5 Bf2 52. Kxf5
Bxg3 53. Bxg3 Rxg3 54. Ra1 Rf3+ 55. Kg5 Rxc3 56. Rxa6 b4 57. h5 b3 58. Rc6+ Kd3
59. Rxc3+ Kxc3 60. h6 1/2-1/2

[Event "Verona op 11th"]
[Site "Verona"]
[Date "2005.01.04"]
[Round "4"]
[White "Popa, Florin"]
[Black "Moser, Eva"]
[Result "0-1"]
[WhiteElo "2216"]
[BlackElo "2447"]
[PlyCount "170"]
[EventDate "2005.01.??"]
[EventType "swiss"]
[EventRounds "9"]
[EventCountry "ITA"]
[SourceTitle "CBM 104 Extra"]
[Source "ChessBase"]
[SourceDate "2005.03.01"]
[SourceVersion "1"]
[SourceVersionDate "2005.03.01"]
[SourceQuality "1"]

1. e4 d6 2. d4 Nf6 3. Bd3 e5 4. c3 g6 5. f4 exd4 6. cxd4 d5 7. e5 Ng4 8. Nc3
Nh6 9. Be3 c6 10. Bf2 Qb6 11. Qd2 Na6 12. a3 Ng4 13. h3 Nxf2 14. Qxf2 Nc5 15.
Rd1 Nxd3+ 16. Rxd3 Bf5 17. Rd2 Qb3 18. Nge2 h5 19. O-O h4 20. Kh1 Be7 21. Nd1
Rh5 22. Ne3 Be6 23. Nc1 Qb6 24. Qf3 O-O-O 25. Qd1 Kb8 26. b4 a5 27. bxa5 Qxa5
28. a4 Kc7 29. Ra2 Ra8 30. f5 Bxf5 31. Nxf5 Rxf5 32. Rxf5 gxf5 33. Nd3 Qc3 34.
Nf4 Qe3 35. Ne2 Rg8 36. Rb2 Ba3 37. Qb3 Qxb3 38. Rxb3 Be7 39. Rf3 Rg5 40. Nf4
Kd7 41. Rb3 Kc8 42. Rf3 Bb4 43. Ne2 b6 44. Kg1 Kd7 45. Kf2 c5 46. Rb3 Kc6 47.
Ng1 Ba5 48. Nf3 c4 49. Re3 Rh5 50. Ke2 Bb4 51. Kd1 Rh6 52. Re2 Be7 53. Rf2 Kd7
54. Rb2 Kc6 55. Rf2 Rg6 56. Ne1 Rg5 57. Kc2 Kd7 58. Kd1 Kc6 59. Rb2 Bd8 60. Nf3
Rg8 61. Kc1 Kd7 62. Kb1 Rh8 63. Rb5 Kc6 64. Rb2 Be7 65. Kc1 Ra8 66. Ra2 Kd7 67.
Kb1 Ra5 68. Kc1 f6 69. Kb1 Ke6 70. Re2 Rxa4 71. exf6+ Kxf6 72. Nxh4 Ra7 73. Re5
Rd7 74. Nxf5 Bf8 75. g4 b5 76. h4 b4 77. Ne3 c3 78. Rf5+ Kg7 79. Rxd5 Rb7 80.
Nf5+ Kg8 81. Rd8 b3 82. Rc8 c2+ 83. Kb2 Kf7 84. Ne3 Ba3+ 85. Kxa3 b2 0-1

[Event "Verona op 11th"]
[Site "Verona"]
[Date "2005.01.03"]
[Round "3"]
[White "Moser, Eva"]
[Black "Lazic, Miroljub"]
[Result "0-1"]
[WhiteElo "2447"]
[BlackElo "2512"]
[PlyCount "78"]
[EventDate "2005.01.??"]
[EventType "swiss"]
[EventRounds "9"]
[EventCountry "ITA"]
[SourceTitle "CBM 104 Extra"]
[Source "ChessBase"]
[SourceDate "2005.03.01"]
[SourceVersion "1"]
[SourceVersionDate "2005.03.01"]
[SourceQuality "1"]

1. e4 Nc6 2. Nf3 d6 3. d4 Nf6 4. Nc3 Bg4 5. Be3 g6 6. h3 Bxf3 7. Qxf3 Bg7 8.
O-O-O Nd7 9. Bc4 e6 10. h4 h5 11. a3 a6 12. Ba2 Qf6 13. Qe2 Bh6 14. Bxh6 Rxh6
15. Qe3 Rh8 16. Kb1 Nb6 17. d5 Ne5 18. dxe6 fxe6 19. Qe2 O-O-O 20. g3 Rhe8 21.
f4 Ng4 22. a4 d5 23. a5 Nd7 24. Rhe1 Qf8 25. Qd2 c6 26. Na4 Kb8 27. exd5 exd5
28. Rxe8 Rxe8 29. Re1 Ngf6 30. c3 Ne4 31. Qe3 Qf5 32. Kc1 Ndf6 33. Bb1 Qg4 34.
Nb6 Nxg3 35. Qxe8+ Nxe8 36. Rxe8+ Kc7 37. Re7+ Kd6 38. Rd7+ Ke6 39. Bc2 Ne4 0-1

[Event "Verona op 11th"]
[Site "Verona"]
[Date "2005.01.02"]
[Round "1"]
[White "Moser, Eva"]
[Black "Facchetti, Gianni"]
[Result "1-0"]
[WhiteElo "2447"]
[BlackElo "2203"]
[PlyCount "79"]
[EventDate "2005.01.??"]
[EventType "swiss"]
[EventRounds "9"]
[EventCountry "ITA"]
[SourceTitle "CBM 104 Extra"]
[Source "ChessBase"]
[SourceDate "2005.03.01"]
[SourceVersion "1"]
[SourceVersionDate "2005.03.01"]
[SourceQuality "1"]

1. e4 e5 2. Nf3 Nc6 3. d3 d6 4. Be2 Be7 5. O-O Nf6 6. c3 O-O 7. Qc2 Ne8 8. Nbd2
g6 9. Nc4 Bf6 10. b4 a6 11. a4 Be6 12. Be3 Bd7 13. Rfd1 Bg7 14. b5 axb5 15.
axb5 Rxa1 16. Rxa1 Ne7 17. b6 c5 18. Nfd2 Nc6 19. f3 Be6 20. Qb2 Nf6 21. Bd1
Qb8 22. Qa3 Rc8 23. Ba4 Nd7 24. Bxc6 Rxc6 25. Qa8 Rc8 26. Qxb8 Rxb8 27. Nxd6
Bf8 28. N6c4 Be7 29. f4 Bd8 30. fxe5 Nxb6 31. Bxc5 Nxc4 32. Nxc4 Bxc4 33. dxc4
Rc8 34. Bd6 Bb6+ 35. Kf1 Kg7 36. Rb1 Rc6 37. Rb5 Be3 38. Rxb7 Rxc4 39. e6 Rxe4
40. exf7 1-0

[Event "Boeblingen op 21st"]
[Site "Boeblingen"]
[Date "2004.12.30"]
[Round "9"]
[White "Moser, Eva"]
[Black "Schneider, Ilja"]
[Result "0-1"]
[WhiteElo "2447"]
[BlackElo "2356"]
[PlyCount "34"]
[EventDate "2004.12.26"]
[EventType "swiss"]
[EventRounds "9"]
[EventCountry "GER"]
[SourceTitle "CBM 104 Extra"]
[Source "ChessBase"]
[SourceDate "2005.03.01"]
[SourceVersion "1"]
[SourceVersionDate "2005.03.01"]
[SourceQuality "1"]

1. e4 e5 2. Nf3 d6 3. d4 exd4 4. Nxd4 Nf6 5. Nc3 Be7 6. Bf4 O-O 7. Qd2 d5 8.
Ndb5 c6 9. Nc7 d4 10. Rd1 dxc3 11. Qxc3 Nbd7 12. Nxa8 Nxe4 13. Qc4 Qa5+ 14. c3
Ndf6 15. f3 Be6 16. Qd4 Bc5 17. Bc7 Qxa2 0-1

[Event "Boeblingen op 21st"]
[Site "Boeblingen"]
[Date "2004.12.30"]
[Round "8"]
[White "Gaponenko, Inna"]
[Black "Moser, Eva"]
[Result "1/2-1/2"]
[WhiteElo "2445"]
[BlackElo "2447"]
[PlyCount "64"]
[EventDate "2004.12.26"]
[EventType "swiss"]
[EventRounds "9"]
[EventCountry "GER"]
[SourceTitle "CBM 104 Extra"]
[Source "ChessBase"]
[SourceDate "2005.03.01"]
[SourceVersion "1"]
[SourceVersionDate "2005.03.01"]
[SourceQuality "1"]

1. e4 c5 2. Nf3 Nc6 3. d4 cxd4 4. Nxd4 Nf6 5. Nc3 e5 6. Ndb5 d6 7. Bg5 a6 8.
Na3 b5 9. Bxf6 gxf6 10. Nd5 f5 11. Bd3 Be6 12. O-O Bxd5 13. exd5 Ne7 14. c3 Bg7
15. Qh5 e4 16. Bc2 O-O 17. Rae1 Qc8 18. Kh1 Rb8 19. f3 b4 20. Nb1 bxc3 21. bxc3
Bxc3 22. Nxc3 Qxc3 23. fxe4 f4 24. Bb1 Ng6 25. e5 dxe5 26. Bxg6 hxg6 27. Qxe5
Qxe5 28. Rxe5 Rfe8 29. Rxe8+ Rxe8 30. d6 Rd8 31. Rxf4 Rxd6 32. h4 Kg7 1/2-1/2

[Event "Boeblingen op 21st"]
[Site "Boeblingen"]
[Date "2004.12.29"]
[Round "7"]
[White "Jaracz, Pawel"]
[Black "Moser, Eva"]
[Result "1/2-1/2"]
[WhiteElo "2531"]
[BlackElo "2447"]
[PlyCount "35"]
[EventDate "2004.12.26"]
[EventType "swiss"]
[EventRounds "9"]
[EventCountry "GER"]
[SourceTitle "CBM 104 Extra"]
[Source "ChessBase"]
[SourceDate "2005.03.01"]
[SourceVersion "1"]
[SourceVersionDate "2005.03.01"]
[SourceQuality "1"]

1. e4 c5 2. Nc3 Nc6 3. Bb5 Nd4 4. Bc4 g6 5. Nf3 Bg7 6. Nxd4 cxd4 7. Qf3 Nf6 8.
Ne2 e5 9. c3 d5 10. exd5 O-O 11. cxd4 exd4 12. O-O Re8 13. Nf4 Bg4 14. Qg3 Qc8
15. Bb5 Rd8 16. h3 Bd7 17. Be2 Bf5 18. Bd1 1/2-1/2

[Event "Boeblingen op 21st"]
[Site "Boeblingen"]
[Date "2004.12.27"]
[Round "3"]
[White "Moser, Eva"]
[Black "Hoffmann, Lukas"]
[Result "1-0"]
[WhiteElo "2447"]
[BlackElo "2177"]
[PlyCount "53"]
[EventDate "2004.12.26"]
[EventType "swiss"]
[EventRounds "9"]
[EventCountry "GER"]
[SourceTitle "CBM 104 Extra"]
[Source "ChessBase"]
[SourceDate "2005.03.01"]
[SourceVersion "1"]
[SourceVersionDate "2005.03.01"]
[SourceQuality "1"]

1. e4 c5 2. d3 e6 3. g3 d5 4. Nd2 Nf6 5. Bg2 Be7 6. Ngf3 Nc6 7. O-O O-O 8. Re1
b6 9. e5 Nd7 10. Nf1 Ba6 11. h4 Qc7 12. Bf4 c4 13. d4 c3 14. b3 Qc8 15. Ne3 Qe8
16. Ng5 h6 17. Nf3 Qd8 18. Ng4 Kh7 19. Bf1 Bxf1 20. Kxf1 g5 21. hxg5 hxg5 22.
Nxg5+ Bxg5 23. Nf6+ Bxf6 24. Qh5+ Kg8 25. Qg4+ Bg5 26. Bxg5 f5 27. exf6 1-0

[Event "Boeblingen op 21st"]
[Site "Boeblingen"]
[Date "2004.12.27"]
[Round "2"]
[White "Knitl, Anton"]
[Black "Moser, Eva"]
[Result "1/2-1/2"]
[WhiteElo "2136"]
[BlackElo "2447"]
[PlyCount "67"]
[EventDate "2004.12.26"]
[EventType "swiss"]
[EventRounds "9"]
[EventCountry "GER"]
[SourceTitle "CBM 104 Extra"]
[Source "ChessBase"]
[SourceDate "2005.03.01"]
[SourceVersion "1"]
[SourceVersionDate "2005.03.01"]
[SourceQuality "1"]

1. Nf3 e6 2. c4 f5 3. g3 Nf6 4. Bg2 Be7 5. O-O O-O 6. d4 d6 7. Nc3 Qe8 8. Re1
Qg6 9. e4 Nxe4 10. Nxe4 fxe4 11. Rxe4 Nc6 12. Qe2 Bf6 13. Bd2 e5 14. dxe5 Nxe5
15. Nxe5 Bxe5 16. Bc3 Bxc3 17. bxc3 Bd7 18. Re1 Rae8 19. Qd2 c6 20. h4 Qf6 21.
Qd4 Rxe4 22. Rxe4 a6 23. c5 d5 24. Qxf6 Rxf6 25. Re7 Rf7 26. Rxf7 Kxf7 27. f4
Be6 28. a3 Bg4 29. Kf2 Kf6 30. Ke3 h6 31. Kd4 Kf5 32. Bf1 Bf3 33. Bh3+ Bg4 34.
Bf1 1/2-1/2

[Event "Boeblingen op 21st"]
[Site "Boeblingen"]
[Date "2004.12.26"]
[Round "1"]
[White "Moser, Eva"]
[Black "Recker, Uwe"]
[Result "1-0"]
[WhiteElo "2447"]
[BlackElo "1956"]
[PlyCount "52"]
[EventDate "2004.12.26"]
[EventType "swiss"]
[EventRounds "9"]
[EventCountry "GER"]
[SourceTitle "CBM 104 Extra"]
[Source "ChessBase"]
[SourceDate "2005.03.01"]
[SourceVersion "1"]
[SourceVersionDate "2005.03.01"]
[SourceQuality "1"]

1. e4 d6 2. d4 Nf6 3. Nc3 g6 4. Be3 Bg7 5. Qd2 c6 6. Bh6 O-O 7. h4 Qa5 8. h5
Bxh6 9. Qxh6 Ng4 10. Qd2 g5 11. h6 Kh8 12. Rh5 Rg8 13. Nh3 f6 14. f3 Nh2 15.
Be2 b5 16. Ng1 b4 17. Nd1 c5 18. d5 Ba6 19. Rxh2 Nd7 20. Bxa6 Qxa6 21. Ne3 Ne5
22. Ne2 Rab8 23. Kf2 Rgc8 24. Rhh1 Rc7 25. g3 Qc8 26. f4 Ng6 1-0

[Event "BL 0405 (Women)"]
[Site "Germany"]
[Date "2004.12.05"]
[Round "4.2"]
[White "Moser, Eva"]
[Black "Kononenko, Tatiana"]
[Result "1/2-1/2"]
[WhiteElo "2406"]
[BlackElo "2361"]
[PlyCount "120"]
[EventDate "2004.11.06"]
[EventType "team-tourn"]
[EventRounds "11"]
[EventCountry "GER"]
[SourceTitle "EXT 2006"]
[Source "ChessBase"]
[SourceDate "2005.11.24"]
[SourceVersion "1"]
[SourceVersionDate "2005.11.24"]
[SourceQuality "1"]
[WhiteTeam "Dresden SC (W)"]
[BlackTeam "Halle (W)"]
[WhiteTeamCountry "GER"]
[BlackTeamCountry "GER"]

1. e4 e6 2. d4 d5 3. Nc3 Bb4 4. e5 Ne7 5. a3 Bxc3+ 6. bxc3 c5 7. Qg4 O-O 8. Bd3
f5 9. exf6 Rxf6 10. Bg5 Rf7 11. Qh5 g6 12. Qd1 Nbc6 13. Nf3 c4 14. Be2 Qf8 15.
O-O Nf5 16. a4 Nd6 17. Qc1 Ne4 18. Qe3 Nxg5 19. Nxg5 Re7 20. f4 Bd7 21. Nf3
Rae8 22. a5 Bc8 23. Rf2 Rf7 24. g3 Qe7 25. h4 Ref8 26. h5 gxh5 27. Rh2 Rg7 28.
Kf2 Bd7 29. Ne5 Nxe5 30. Qxe5 Be8 31. Bxh5 Rg5 32. Qe2 e5 33. dxe5 Rxe5 34.
Qg4+ Rg5 35. Qf3 Qc5+ 36. Kf1 Bc6 37. Qf2 Qd6 38. Bf3 Rg7 39. Rh5 d4 40. Bxc6
Qxc6 41. cxd4 Qg6 42. Rg5 Qxg5 43. fxg5 Rxg5 44. Ra4 Rxg3 45. Rxc4 Rgf3 46.
Qxf3 Rxf3+ 47. Ke2 Rf7 48. a6 b6 49. d5 Rd7 50. Ke3 Rxd5 51. Rc7 Ra5 52. Rxa7
h5 53. Kf4 Kf8 54. Ra8+ Kg7 55. a7 Kh7 56. Kg3 Kg7 57. Kh4 Kh7 58. Kg3 Kg7 59.
Kh3 Kh7 60. Kh4 Kg7 1/2-1/2

[Event "BL 0405 (Women)"]
[Site "Germany"]
[Date "2004.12.04"]
[Round "3.2"]
[White "Szydlowska, Malgorzata"]
[Black "Moser, Eva"]
[Result "1-0"]
[WhiteElo "2428"]
[BlackElo "2406"]
[PlyCount "117"]
[EventDate "2004.11.06"]
[EventType "team-tourn"]
[EventRounds "11"]
[EventCountry "GER"]
[SourceTitle "EXT 2006"]
[Source "ChessBase"]
[SourceDate "2005.11.24"]
[SourceVersion "1"]
[SourceVersionDate "2005.11.24"]
[SourceQuality "1"]
[WhiteTeam "Leipzig WBA (W)"]
[BlackTeam "Dresden SC (W)"]
[WhiteTeamCountry "GER"]
[BlackTeamCountry "GER"]

1. d4 Nf6 2. c4 g6 3. Nc3 Bg7 4. e4 O-O 5. Nf3 c6 6. e5 Ne8 7. Bf4 d6 8. h3 Nd7
9. exd6 Nxd6 10. c5 Nf5 11. Be2 Nxd4 12. Nxd4 e5 13. Nxc6 bxc6 14. Be3 f5 15.
f3 Rb8 16. Rb1 Bh6 17. Bxh6 Qh4+ 18. g3 Qxh6 19. Kf2 Rb4 20. Qd6 Rf6 21. Qe7
Qf8 22. Qxf8+ Rxf8 23. a3 Rd4 24. b4 Rd8 25. Rhd1 Kf8 26. f4 Ke7 27. Ke3 Rxd1
28. Rxd1 e4 29. Rd6 Nb8 30. Rxd8 Kxd8 31. a4 Be6 32. b5 Kc7 33. Kd4 Nd7 34. a5
Bb3 35. g4 Nf8 36. b6+ Kb7 37. a6+ Kb8 38. gxf5 gxf5 39. Ke5 axb6 40. cxb6 Nd7+
41. Kxf5 Nxb6 42. Nxe4 Nd7 43. Nf6 Nf8 44. Ke4 Bc2+ 45. Ke3 Ka7 46. Ne4 Nd7 47.
f5 c5 48. Kf4 Kb6 49. Bc4 Bb1 50. Nd2 Bc2 51. Be2 h6 52. Nc4+ Ka7 53. Nd6 Nb6
54. f6 Bg6 55. Ke5 c4 56. Nxc4 Nd7+ 57. Ke6 Nc5+ 58. Ke7 Nxa6 59. Ne5 1-0

[Event "Olympiad-36"]
[Site "Mallorca"]
[Date "2004.10.29"]
[Round "14"]
[White "Moser, Eva"]
[Black "Godena, Michele"]
[Result "1/2-1/2"]
[WhiteElo "2447"]
[BlackElo "2550"]
[PlyCount "51"]
[EventDate "2004.10.15"]
[EventType "team-swiss"]
[EventRounds "14"]
[EventCountry "ESP"]
[SourceTitle "CBM 104"]
[Source "ChessBase"]
[SourceDate "2005.01.27"]
[SourceVersion "1"]
[SourceVersionDate "2005.01.27"]
[SourceQuality "1"]
[WhiteTeam "Austria"]
[BlackTeam "Italy"]
[WhiteTeamCountry "AUT"]
[BlackTeamCountry "ITA"]

1. e4 e5 2. f4 exf4 3. Nf3 d5 4. exd5 Nf6 5. Bb5+ c6 6. dxc6 Nxc6 7. d4 Qa5+ 8.
Nc3 Bb4 9. O-O O-O 10. Bxc6 Bxc3 11. bxc3 bxc6 12. Bxf4 Qxc3 13. Qd2 Qxd2 14.
Nxd2 Nd5 15. Bd6 Rd8 16. Bc5 Ne3 17. Rfc1 Bf5 18. c3 Rab8 19. Nf1 Nc4 20. Bxa7
Rb2 21. Re1 Be6 22. Reb1 Rc2 23. Rc1 Rb2 24. Rcb1 Re2 25. Re1 Rc2 26. Rec1
1/2-1/2